Se llama Jesús: Religión católica. Educación Media 2 Medio
Enregistré dans:
| Auteurs principaux: | , , , |
|---|---|
| Format: | Livre |
| Langue: | espagnol |
| Publié: |
Santiago
SM
2011
|
| Sujets: | |
| Tags: |
Ajouter un tag
Pas de tags, Soyez le premier à ajouter un tag!
|
MARC
| LEADER | 00000cam a2200000 a 4500 | ||
|---|---|---|---|
| 001 | UCF8887 | ||
| 003 | CL-VaPUC | ||
| 008 | 131011e20110000cl |||||||||||||||||spa|d | ||
| 020 | |a 9789563492934 | ||
| 082 | 0 | 4 | |a 268.0712 |b COR |2 21 |
| 100 | 0 | |a Cortés Soriano, Javier |e author |9 571003 | |
| 700 | 0 | |a Cortés, Miguel Angel |e author |9 571004 | |
| 700 | 0 | |a Castaño, Gaspar |e author |9 571005 | |
| 700 | 0 | |a Forcada González, Samuel |e author |9 571006 | |
| 245 | 1 | 0 | |a Se llama Jesús: Religión católica. Educación Media 2 Medio |
| 300 | |a 143 p | ||
| 942 | |c BK | ||
| 945 | |d 20131011 10:45:00 |a dcastane | ||
| 260 | |a Santiago |b SM |c 2011 | ||
| 650 | 0 | |a Educación religiosa |9 308312 | |
| 650 | 0 | |a Métodos de enseñanza |9 270413 | |
| 583 | |a last modification |c 20131011 10:45:00 |k Rodrigo Vera | ||
| 999 | |c 353400 |d 353398 | ||
| 952 | |0 0 |1 0 |3 erb |4 0 |6 268_071200000000000_COR_2011 |7 0 |8 A |9 458585 |a BIBTEO |b BIBTEO |d 2019-11-23 |i 5015928 |o 268.0712 COR 2011 |p 5015928 |r 2025-01-17 |w 2019-11-23 |y BK |z Catalogado en:20131011 |k ICR | ||
| 952 | |0 0 |1 2 |3 erb |4 0 |6 268_071200000000000_COR_2011 |7 0 |8 A |9 458586 |a BIBTEO |b BIBTEO |d 2019-11-23 |i 5015936 |o 268.0712 COR 2011 |p 5015936 |r 2019-11-23 |w 2019-11-23 |y BK |z Catalogado en:20131011 |k ICR | ||
| 952 | |0 0 |1 0 |3 erb |4 0 |6 268_071200000000000_COR_2011 |7 0 |8 A |9 458587 |a BIBTEO |b BIBTEO |d 2019-11-23 |i 5015944 |l 3 |o 268.0712 COR 2011 |p 5015944 |r 2025-01-17 |s 2020-07-30 |w 2019-11-23 |y BK |z Catalogado en:20131011 |k ICR | ||